Để trở thành CEO : Các quy tắc để tiến lên đỉnh cao của mọi tổ chức
שמור ב:
| מחבר ראשי: | |
|---|---|
| פורמט: | ספר |
| שפה: | Undetermined |
| יצא לאור: |
Hà Nội
Thống Kê
2004
|
| נושאים: | |
| תגים: |
הוספת תג
אין תגיות, היה/י הראשונ/ה לתייג את הרשומה!
|
| Thư viện lưu trữ: | Trung tâm Học liệu Trường Đại học Cần Thơ |
|---|
| LEADER | 00648nam a2200205Ia 4500 | ||
|---|---|---|---|
| 001 | CTU_74140 | ||
| 008 | 210402s9999 xx 000 0 und d | ||
| 020 | |b 25000 | ||
| 082 | |a 658 | ||
| 082 | |b F791 | ||
| 100 | |a Fox, Jeffrey J. | ||
| 245 | 0 | |a Để trở thành CEO : | |
| 245 | 0 | |b Các quy tắc để tiến lên đỉnh cao của mọi tổ chức | |
| 245 | 0 | |c Jeffrey J. Fox ; Nguyễn Văn Hoài ( biên dịch ) | |
| 260 | |a Hà Nội | ||
| 260 | |b Thống Kê | ||
| 260 | |c 2004 | ||
| 650 | |a Industrial management | ||
| 904 | |i Nguyên, Qhieu | ||
| 980 | |a Trung tâm Học liệu Trường Đại học Cần Thơ | ||